Advanced management accountancy (Record no. 83712)
[ view plain ]
| 000 -LEADER | |
|---|---|
| fixed length control field | 00836nam a2200169 a 4500 |
| 008 - FIXED-LENGTH DATA ELEMENTS--GENERAL INFORMATION | |
| fixed length control field | 120416s1984 ||||||||||||||||| || u |
| 020 ## - INTERNATIONAL STANDARD BOOK NUMBER | |
| International Standard Book Number | 0712101810 |
| 050 ## - LIBRARY OF CONGRESS CALL NUMBER | |
| Classification number | HF 5635 Don |
| 100 ## - MAIN ENTRY--PERSONAL NAME | |
| Personal name | Donleavy, G. Douglas |
| 245 10 - TITLE STATEMENT | |
| Title | Advanced management accountancy |
| 260 ## - PUBLICATION, DISTRIBUTION, ETC. | |
| Place of publication, distribution, etc. | Estover, Plymouth |
| Name of publisher, distributor, etc. | MacDonald & Evans |
| Date of publication, distribution, etc. | 1984 |
| 300 ## - PHYSICAL DESCRIPTION | |
| Extent | xii, 393p. : ill |
| 350 ## - | |
| -- | 0.00 |
| 995 ## - | |
| -- | ANNEX COLLECTION (Main Library) |
| -- | 0.00 |
| -- | 708005 |
| -- | CBU-MAIN LIBRARY (Kitwe) |
| -- | 3 |
| -- | 8.95 |
| -- | HF 5635 Don |
| -- | AVAILABLE |
| -- | 005514 |
| -- | Annex Low-Usage Collection |
| 995 ## - | |
| -- | MAIN LIBRARY OPEN ACCESS |
| -- | 0.00 |
| -- | 005513 |
| -- | CBU-MAIN LIBRARY (Kitwe) |
| -- | 2 |
| -- | 8.95 |
| -- | HF 5635 Don |
| -- | AVAILABLE |
| -- | 005513 |
| -- | Main Library Open Access Collection |
| 995 ## - | |
| -- | ANNEX COLLECTION (Main Library) |
| -- | 0.00 |
| -- | 708692 |
| -- | CBU-MAIN LIBRARY (Kitwe) |
| -- | 4 |
| -- | 8.95 |
| -- | HF 5635 Don |
| -- | AVAILABLE |
| -- | 005515 |
| -- | Annex Low-Usage Collection |
| 999 ## - | |
| -- | 83712 |
| -- | 83712 |
| Withdrawn status | Lost status | Source of classification or shelving scheme | Damaged status | Not for loan | Permanent Location | Current Location | Shelving location | Date acquired | Total Checkouts | Full call number | Barcode | Date last seen | Copy number | Price effective from | Koha item type |
|---|---|---|---|---|---|---|---|---|---|---|---|---|---|---|---|
| CBU-MAIN LIBRARY, KITWE. | CBU-MAIN LIBRARY, KITWE. | 01/08/2024 | HF 5635 Don | 005514 | 01/08/2024 | 1 | 01/08/2024 | MONOGRAPH | |||||||
| CBU-MAIN LIBRARY, KITWE. | CBU-MAIN LIBRARY, KITWE. | 01/08/2024 | HF 5635 Don | 005513 | 01/08/2024 | 2 | 01/08/2024 | MONOGRAPH | |||||||
| CBU-MAIN LIBRARY, KITWE. | CBU-MAIN LIBRARY, KITWE. | 01/08/2024 | HF 5635 Don | 005515 | 01/08/2024 | 3 | 01/08/2024 | MONOGRAPH |